Rezistencia črevnej mikrobioty ľudí a zvierat zo spoločnej domácnosti

Gespeichert in:
Bibliographische Detailangaben
1. Verfasser: Dobiašová, Alena (Verfasst von)
Weitere Verfasser: Bírošová, Lucia (Betreuung Doktorarbeit)
Format: Manuskript Buch
Sprache:Slowakisch
Veröffentlicht: 2021
Schlagworte:
Online-Zugang:http://is.stuba.sk/zp/portal_zp.pl?podrobnosti=157682
Tags: Tag hinzufügen
Keine Tags, Fügen Sie das erste Tag hinzu!

MARC

LEADER 00000ntm a22000003a 4500
001 stuzp83912
003 SK-STU
005 20210605210504.3
007 ta
008 150427s2015----xo-----f-mn---000-0-slo-d
040 |a STU  |b slo 
041 0 |a slo 
100 1 |a Dobiašová, Alena  |u 040270  |4 aut  |U FCHPT Ústav potravinárstva a výživy  |T FCHPT Oddelenie výživy a hodnotenia kvality potravín  |X 105214  |U C0270  |Y 686  |7 105214 
242 0 1 |a Antimicrobial resistance of gut microbiota from people and animals in shared household  |y eng 
245 1 0 |a Rezistencia črevnej mikrobioty ľudí a zvierat zo spoločnej domácnosti 
260 |c 2021 
650 4 |a črevná mikrobiota  |2 slo 
650 4 |a koliformné baktérie  |2 slo 
650 4 |a enterokoky  |2 slo 
650 4 |a rezistencia voči antibiotikám  |2 slo 
650 4 |a spoločenské zvieratá  |2 slo 
650 4 |a gut microbiota  |2 eng 
650 4 |a pets  |2 eng 
650 4 |a coliform bacteria  |2 eng 
650 4 |a coliform bacteria  |2 eng 
650 4 |a antibiotic resistance  |2 eng 
700 1 |a Bírošová, Lucia  |u 040270  |k Z1  |4 ths  |U FCHPT Ústav potravinárstva a výživy  |T FCHPT Oddelenie výživy a hodnotenia kvality potravín  |X 10260  |U C0270  |Y 686  |7 A000010260 
856 4 |u http://is.stuba.sk/zp/portal_zp.pl?podrobnosti=157682